| 000 | 01040cab a2200277 4500 | ||
|---|---|---|---|
| 001 | ABS59132 | ||
| 008 | 090401t1998 xxu||||| |||| 00| 0 eng d | ||
| 035 | _a(Sirsi) u88114 | ||
| 041 | _aeng | ||
| 100 | _aCockram, R. | ||
| 245 | _aFinal analysis | ||
| 260 | _c1998 | ||
| 350 | _a0 | ||
| 490 |
_aBuilding _v263(8052) 14 August 1998, 37(1) |
||
| 520 | _aDiscusses JCT 1980 amendment 18 which considers whether final certificates are to be treated as `conclusive evidence` of quality materials and workmanship, extensions of time and the final contract sum. | ||
| 650 | _aMANAGEMENT-DISPUTE AVOIDANCE, MANAGEMENT AND RESOLUTION-DISPUTE MANAGEMENT AND RESOLUTION-ALTERNATIVE DISPUTE RESOLUTION-ADJUDICATION | ||
| 650 | _aAMENDMENT 18 | ||
| 650 | _aARBITRATORS | ||
| 650 | _aEXTENSIONS OF TIME | ||
| 650 | _aFINAL CERTIFICATES | ||
| 650 | _aFINAL CONTRACT SUM | ||
| 650 | _aJCT STANDARD FORM OF BUILDING CONTRACT (1980 EDITION) | ||
| 690 | _aBUILT ENVIRONMENT-BUILDING CONTRACT FORMS | ||
| 942 | _n0 | ||
| 948 | _c25/08/1998 | ||
| 999 |
_c55655 _d55655 |
||